[Event "Natal Potiguar op"]
[Site "Natal"]
[Date "2017.06.03"]
[Round "3"]
[White "De Sousa, Marcelo Junio Vicen"]
[Black "Dos Santos, Bruna Roberta GA"]
[Result "1-0"]
[WhiteElo "1777"]
[BlackElo "1356"]
[PlyCount "65"]
[EventDate "2017.06.02"]
[EventType "swiss"]
[EventRounds "6"]
[EventCountry "BRA"]
[SourceTitle "EXT 2018"]
[Source "ChessBase"]
[SourceDate "2017.10.13"]
[SourceVersion "1"]
[SourceVersionDate "2017.10.13"]
[SourceQuality "1"]

1. d4 d5 2. Nf3 Nf6 3. e3 e6 4. c4 c6 5. Nc3 Nbd7 6. a3 Be7 7. Qc2 0-0 8. e4 dxe4 9. Nxe4 Nxe4 10. Qxe4 Nf6 11. Qc2 Qc7 12. Bd3 h6 13. b4 Rd8 14. 0-0 b6 15. Bb2 Bb7 16. c5 a5 17. Ne5 b5 18. bxa5 Rxa5 19. f4 Nd5 20. Bh7+ Kf8 21. Rf3 Bf6 22. Be4 Ne7 23. Raf1 Bc8 24. g4 Nd5 25. Qd2 Ke7 26. Qxa5 Bxe5 27. Qxc7+ Bxc7 28. Bxd5 Rxd5 29. h4 Ba5 30. Kg2 b4 31. axb4 Bxb4 32. Rb3 Bxc5 33. dxc5 1-0

[Event "Recife Arraes Memorial 9th"]
[Site "Recife"]
[Date "2016.10.21"]
[Round "2.27"]
[White "Dos Santos, Bruna Roberta GA"]
[Black "Da Silva, Antonio Dutra"]
[Result "0-1"]
[WhiteElo "1367"]
[BlackElo "1785"]
[PlyCount "32"]
[EventDate "2016.10.21"]
[EventType "swiss"]
[EventRounds "6"]
[EventCountry "BRA"]
[SourceTitle "EXT 2022"]
[Source "ChessBase"]
[SourceDate "2021.10.06"]
[SourceVersion "1"]
[SourceVersionDate "2021.10.06"]
[SourceQuality "1"]

1. e4 g6 2. d4 c6 3. Nc3 Bg7 4. Nf3 d6 5. Bf4 Qb6 6. Rb1 Bg4 7. Be3 Nd7 8. Be2 Qa5 9. 0-0 Ngf6 10. h3 Bxf3 11. Bxf3 0-0 12. Qe2 Rfe8 13. Rfd1 e5 14. d5 cxd5 15. Nxd5 Nxd5 16. Rxd5 h5 0-1

[Event "Potiguar-ch sf"]
[Site "Natal"]
[Date "2015.09.06"]
[Round "4.18"]
[White "Dos Santos, Bruna Roberta GA"]
[Black "De Santana, Jose Ricardo Gonca"]
[Result "0-1"]
[WhiteElo "1370"]
[BlackElo "1857"]
[PlyCount "51"]
[EventDate "2015.09.04"]
[EventType "swiss"]
[EventRounds "7"]
[EventCountry "BRA"]
[SourceTitle "EXT 2022"]
[Source "ChessBase"]
[SourceDate "2021.10.06"]
[SourceVersion "1"]
[SourceVersionDate "2021.10.06"]
[SourceQuality "1"]

1. e4 e5 2. Nf3 Nc6 3. d4 exd4 4. Nxd4 Bc5 5. Be3 Qe7 6. Nc3 d6 7. f3 Nxd4 8. Bxd4 Qh4+ 9. g3 Qg5 10. f4 Qg6 11. Qd3 Bxd4 12. Qxd4 Ne7 13. 0-0-0 Bg4 14. Be2 Bxe2 15. Nxe2 0-0 16. Rhf1 Nc6 17. Qd5 Rab8 18. h4 Rfe8 19. f5 Qh6+ 20. Nf4 Re5 21. Qd3 Rbe8 22. Rde1 Rc5 23. g4 Nb4 24. Qd4 Nxc2 25. Qxc5 dxc5 26. Rd1 0-1

[Event "Natal Potiguar op 10th"]
[Site "Natal"]
[Date "2015.07.03"]
[Round "1"]
[White "Dos Santos, Bruna Roberta GA"]
[Black "De Morais, Alemberg Beserra"]
[Result "0-1"]
[WhiteElo "1800"]
[BlackElo "1702"]
[PlyCount "52"]
[EventDate "2015.07.03"]
[EventType "swiss"]
[EventRounds "6"]
[EventCountry "BRA"]
[SourceTitle "CBM 167 Extra"]
[Source "ChessBase"]
[SourceDate "2015.09.14"]
[SourceVersion "1"]
[SourceVersionDate "2015.09.14"]
[SourceQuality "1"]

1. e4 c6 2. d4 d5 3. Nc3 Nd7 4. exd5 cxd5 5. Nxd5 e6 6. Nc3 Ngf6 7. Nf3 Bb4 8. a3 Be7 9. Bc4 0-0 10. 0-0 Nb6 11. Bb3 h6 12. a4 a6 13. a5 Nbd7 14. d5 exd5 15. Nxd5 Nxd5 16. Qxd5 Qc7 17. Re1 Nf6 18. Qc4 Qd8 19. Ne5 Be6 20. Qa4 Bxb3 21. Qxb3 Bd6 22. Ng6 Re8 23. Bf4 Rxe1+ 24. Rxe1 Qxa5 25. Ne7+ Bxe7 26. Rxe7 Qa1+ 0-1